Základy kybernetiky /

Salvato in:
Dettagli Bibliografici
Autori principali: Gvozdjak, Ladislav (Autore), Boršč, Michal (Autore), Vítko, A (Autore)
Natura: Libro
Lingua:slovacco
Pubblicazione: Bratislava : Alfa, 1990
Tags: Aggiungi Tag
Nessun Tag, puoi essere il primo ad aggiungerne!!

MARC

LEADER 00000nam a22000003a 4500
001 stu360
005 20150617225621.7
008 910523s1990----cs------------------slo-d
040 |a STU  |b slo 
041 0 |a slo 
044 |a cs 
080 |a 681.51.01 
080 |a 007.52 
080 |a 519.71  |7 stu_us_auth*stu8254 
100 1 |a Gvozdjak, Ladislav  |4 aut 
245 1 |a Základy kybernetiky /  |c [aut.] Gvozdjak,L.; Boršč,M.; Vítko,A 
260 |a Bratislava :  |b Alfa,  |c 1990 
300 |a 249 s 
700 1 |a Boršč, Michal  |4 aut 
700 1 |a Vítko, A  |4 aut 
996 |b 284EK05324  |c E*71373  |l EE0101  |s P  |a 0  |w stu360_0004 
996 |b 284EK05326  |c E*71372  |l EE01  |s A  |a 24  |w stu360_0007